=LDR 00000nam 2200000 4500 =001 INLIS000000000025355 =005 20130612123855 =008 ***********************************Ind** =035 ##$$0010-061300000025355 =041 ##$$a Ind =082 ##$$a 2x4.1 =090 ##$$a 2x4.1, Gym t =100 ##$$a Gymnastiar, Abdullah =245 ##$$a 30 hari menjemput berkah, dari Aa Gym renungan setiap hari untuk mencari hikmah sejati, Abdullah Gymnastiar =260 ##$$a 2005 $b Bandung =300 ##$$a 61 hlm, 28 cm =650 ##$$a Fiqih-Ibadah =850 ##$$a NBPNMAT